Genotype x Environment interactions in Hevea in diverse agro climatic conditions in India: Preliminary growth results (Record no. 52671)

MARC details
000 -LEADER
fixed length control field 00894nam a2200253Ia 4500
100 ## - MAIN ENTRY--AUTHOR NAME
Personal name Meenattoor J.R.
245 #0 - TITLE STATEMENT
Title Genotype x Environment interactions in Hevea in diverse agro climatic conditions in India: Preliminary growth results
260 ## - PUBLICATION, DISTRIBUTION, ETC. (IMPRINT)
Name of publisher In: Plantation tree crops in the new millennium: The way ahead. V 1.: International Planters' Conference, 17-20 May 2000. (Ed. E. Pushparajah). The Incorporated Society of Planters, Kuala Lumpur, Malaysia, pp. 183-195.
Year of publication 2000
650 ## - SUBJECT ADDED ENTRY--TOPICAL TERM
Topical Term Bark thickness
650 ## - SUBJECT ADDED ENTRY--TOPICAL TERM
Topical Term Clone
650 ## - SUBJECT ADDED ENTRY--TOPICAL TERM
Topical Term G x E interaction
650 ## - SUBJECT ADDED ENTRY--TOPICAL TERM
Topical Term Girth
700 ## - ADDED ENTRY--PERSONAL NAME
Personal name Brahmam M.
700 ## - ADDED ENTRY--PERSONAL NAME
Personal name Gupta C.K.
700 ## - ADDED ENTRY--PERSONAL NAME
Personal name Licy J.
700 ## - ADDED ENTRY--PERSONAL NAME
Personal name Meenakumari T.
700 ## - ADDED ENTRY--PERSONAL NAME
Personal name Meti S.
700 ## - ADDED ENTRY--PERSONAL NAME
Personal name Nair R.B.
700 ## - ADDED ENTRY--PERSONAL NAME
Personal name Saraswathyamma C.K.
700 ## - ADDED ENTRY--PERSONAL NAME
Personal name Sasikumar B.
700 ## - ADDED ENTRY--PERSONAL NAME
Personal name Soman T.A.
942 ## - ADDED ENTRY ELEMENTS (KOHA)
Koha item type Bibliography STAF
Holdings
Withdrawn status Lost status Damaged status Not for loan Home library Current library Date acquired Koha item type
      Bibliography RRII Library RRII Library 09/04/2014 Bibliography STAF